Reingeniería del cambio: diez claves para transformar la empresa
সংরক্ষণ করুন:
| প্রধান লেখক: | , |
|---|---|
| বিন্যাস: | গ্রন্থ |
| ভাষা: | স্প্যানিশ |
| প্রকাশিত: |
Ciudad de México
Alfaomega
1996
|
| মালা: | Colección Estrategia y Gestión Competitiva
|
| বিষয়গুলি: | |
| ট্যাগগুলো: |
ট্যাগ যুক্ত করুন
কোনো ট্যাগ নেই, প্রথমজন হিসাবে ট্যাগ করুন!
|
MARC
| LEADER | 00000nam a2200000 a 4500 | ||
|---|---|---|---|
| 001 | UCP5869 | ||
| 003 | CL-VaPUC | ||
| 008 | 991001e19960000MX |||||||||||||||||spa|d | ||
| 082 | 0 | 4 | |a 658.406 |b GRO |2 21 |
| 100 | 0 | |a Grouard, Benoit |e author |9 434480 | |
| 700 | 0 | |a Meston, Francis |e author |9 434481 | |
| 245 | 1 | 0 | |a Reingeniería del cambio: diez claves para transformar la empresa |
| 300 | |a 233 p | ||
| 942 | |c BK | ||
| 945 | |d 19991001 00:00:00 |a rbrito | ||
| 260 | |a Ciudad de México |b Alfaomega |c 1996 | ||
| 650 | 0 | |a Reingeniería |9 344366 | |
| 650 | 0 | |a Gestión administrativa |9 375217 | |
| 650 | 0 | |a Administración |9 259325 | |
| 650 | 0 | |a Calidad total |9 259929 | |
| 583 | |a last modification |c 19991001 00:00:00 |k Rodrigo Vera | ||
| 490 | 0 | |a Colección Estrategia y Gestión Competitiva | |
| 999 | |c 283511 |d 283509 | ||
| 952 | |0 0 |1 0 |4 0 |6 658_406000000000000_GRO_1996 |7 0 |8 A |9 326751 |a BIBENE |b BIBENE |d 2019-11-20 |i 3565203 |l 1 |o 658.406 GRO 1996 |p 3565203 |r 2025-01-15 |s 2024-08-30 |w 2019-11-20 |y BK |k ICO | ||